000
00332 a2200109 4500
001
ART_3500
005
20260410161715.0
008
260409a
245
1
0
_a
Salarios e inflación en América Latina
100
1
_a
Frenkel, Roberto
773
0
_t
Desarrollo económico
_g
- Vol. 25, Nº 100 (ene./mar. 1986)
_w
REV1174
999
_c
16447
_d
16447